Sociology for social workers / (Record no. 151619)

MARC details
000 -LEADER
fixed length control field 00612nam a22001937a 4500
005 - DATE AND TIME OF LATEST TRANSACTION
control field 20180420123309.0
010 ## - LCCN (DPL NO)
LC control number ENG-122649
020 ## - INTERNATIONAL STANDARD BOOK NUMBER
Terms of availability 1495.00
International Standard Book Number 9788181523631
035 ## - SYSTEM CONTROL NUMBER
System control number EN-106181
037 ## - SOURCE OF ACQUISITION
Source of stock number/acquisition DBAD/PUB
082 ## - DEWEY DECIMAL CLASSIFICATION NUMBER
Classification number 361.3
100 ## - MAIN ENTRY--PERSONAL NAME
Personal name Rama Raju,P.S.
245 ## - TITLE STATEMENT
Title Sociology for social workers /
Statement of responsibility, etc by P.S.Rama Raju
260 ## - PUBLICATION, DISTRIBUTION, ETC. (IMPRINT)
Date of publication, distribution, etc 2015
Place of publication, distribution, etc Jaipur
Name of publisher, distributor, etc Book Enclave
270 ## - ADDRESS
Address F-11,S.S.Tower,Dhamani Street,Chaura Rasta,
City Jaipur
Postal code 302003
Telephone number 011-23119000,9414443132
Electronic mail address bookenclave@yahoo.com
300 ## - PHYSICAL DESCRIPTION
Dimensions 22cm(Hb)
Extent 297P.
500 ## - GENERAL NOTE
General note It includes index
942 ## - ADDED ENTRY ELEMENTS (KOHA)
Item type English Books
Source of classification or shelving scheme Dewey Decimal Classification
Call number suffix RAM
Classification part 361.3
Holdings
Withdrawn status Lost status Not for loan Collection code Home library Current library Date acquired Source of acquisition Cost, normal purchase price Full call number Barcode Copy number Cost, replacement price Koha item type
      Non-fiction D.B.Act.Division D.B.Act.Division 20/04/2018 DBAD/PUB 1495.00 361.3 RAM EN-106181 1 1495.00 English Books

© Delhi Public Library
Hit Counter
free hit counter